| 000 | 00952nam a2200289 a 4500 | ||
|---|---|---|---|
| 001 | 000110413 | ||
| 003 | CHAP | ||
| 005 | 20220329144131.0 | ||
| 008 | 140826s2009 mx a |rm |0|||||spa d | ||
| 010 | _a106875 | ||
| 011 | _a107847 | ||
| 040 | _cCHAP | ||
| 090 | _aTesis | ||
| 100 | 1 |
_aPiñol Domenech, Gerard _9127920 |
|
| 245 | 1 | 0 |
_aDistribución de la salinidad en un suelo de invernadero con un sistema de riego por goteo y evaluación de los efectos de ésta sobre el cultivo de jitomate / _cpor Gerard Piñol Domenech. |
| 260 |
_aChapingo, Méx. : _bEl autor, _c2009. |
||
| 300 |
_aviii, 88 h. : _bil. |
||
| 502 | _aTesis (Ing. Agr. Esp. en Suelos) -- Universitat de Lleida | ||
| 590 |
_aE6096MTM _b05 _c20140826 _lUCH01 _h1311 |
||
| 650 | 1 | 4 |
_aCultivos en invernadero. _930376 |
| 650 | 1 | 4 |
_aRiego por goteo. _997380 |
| 650 | 1 | 4 |
_aSuelos salinos. _9110558 |
| 650 | 1 | 4 |
_aTomate. _9113672 |
| 901 | _aBK | ||
| 942 | _cTESIS | ||
| 942 | _n0 | ||
| 999 |
_c106875 _d106875 |
||